[Event "CRO Cup"]
[Site "Mali Losinj"]
[Date "2025.05.15"]
[Round "3.3"]
[White "Ivancic, Ivan"]
[Black "Kozul, Zdenko"]
[Result "0-1"]
[WhiteElo "2165"]
[BlackElo "2506"]
[PlyCount "44"]
[EventDate "2025.05.14"]
[EventType "team-tourn"]
[EventRounds "6"]
[EventCountry "CRO"]
[SourceTitle "CB21_2025"]
[SourceDate "2025.05.21"]
[SourceVersion "1"]
[SourceVersionDate "2025.05.21"]
[SourceQuality "1"]
[WhiteTeam "Crikvenica"]
[BlackTeam "Kastel Novi Sedlar"]
[WhiteTeamCountry "CRO"]
[BlackTeamCountry "CRO"]

1. e4 c5 2. Nf3 e6 3. c3 Nf6 4. e5 Nd5 5. a3 d6 6. d4 cxd4 7. c4 Nc7 8. Qxd4 Nc6 9. Qc3 d5 10. Bg5 Be7 11. Bxe7 Nxe7 12. Nbd2 b6 13. c5 bxc5 14. Qxc5 0-0 15. Rc1 Ba6 16. Qd6 Bxf1 17. Rxf1 Rc8 18. Nd4 Ng6 19. Nc6 Qg5 20. g3 Nb5 21. Qb4 Nxe5 22. Qxb5 Nf3+ 0-1

[Event "Nova Gorica op 29th"]
[Site "Nova Gorica"]
[Date "2025.01.31"]
[Round "9"]
[White "Uzag, Alper"]
[Black "Ivancic, Ivan"]
[Result "1-0"]
[WhiteElo "1849"]
[BlackElo "1983"]
[PlyCount "129"]
[EventDate "2025.01.24"]
[EventType "swiss"]
[EventRounds "9"]
[EventCountry "SLO"]
[SourceTitle "CB06_2025"]
[SourceDate "2025.02.05"]
[SourceVersion "1"]
[SourceVersionDate "2025.02.05"]
[SourceQuality "1"]

1. e4 d6 2. d4 Nf6 3. Nc3 e5 4. Nf3 Nbd7 5. Bc4 Be7 6. 0-0 0-0 7. h3 h6 8. Be3 c6 9. dxe5 dxe5 10. a4 Bb4 11. Nh4 Nb6 12. Bxb6 Qxb6 13. Qf3 Qc5 14. Bb3 Bxc3 15. bxc3 a5 16. g4 Be6 17. Nf5 Bxf5 18. gxf5 Rad8 19. Rad1 Qe7 20. Kh2 Nh7 21. Qg3 Nf6 22. Rxd8 Rxd8 23. Rg1 Ne8 24. Qg6 Qf6 25. Qh5 Kf8 26. Qf3 Rd2 27. Qe3 Qd6 28. Rg2 Rd1 29. Qe2 Qd2 30. Qg4 Qc1 31. f6 g5 32. Rg1 Rxg1 33. Qxg1 Qxg1+ 34. Kxg1 Nxf6 35. f3 Nd7 36. Kg2 Kg7 37. Kg3 Kg6 38. h4 Nc5 39. h5+ Kf6 40. Kg4 Nxb3 41. cxb3 Ke6 42. b4 b6 43. Kg3 f5 44. Kf2 fxe4 45. fxe4 Kd6 46. Kf3 Kc7 47. bxa5 bxa5 48. Kg4 Kd7 49. c4 Kd6 50. Kf5 g4 51. Kxg4 Kc5 52. Kf5 Kxc4 53. Kxe5 Kd3 54. Kf5 c5 55. e5 c4 56. e6 c3 57. e7 c2 58. e8Q c1Q 59. Qe4+ Kc3 60. Qc6+ Kb2 61. Qxc1+ Kxc1 62. Kg6 Kb2 63. Kxh6 Kb3 64. Kg5 Kxa4 65. h6 1-0

[Event "Nova Gorica op 29th"]
[Site "Nova Gorica"]
[Date "2025.01.28"]
[Round "6"]
[White "Olenik Campa, Rudi"]
[Black "Ivancic, Ivan"]
[Result "1-0"]
[WhiteElo "2290"]
[BlackElo "1983"]
[PlyCount "53"]
[EventDate "2025.01.24"]
[EventType "swiss"]
[EventRounds "9"]
[EventCountry "SLO"]
[SourceTitle "CB06_2025"]
[SourceDate "2025.02.05"]
[SourceVersion "1"]
[SourceVersionDate "2025.02.05"]
[SourceQuality "1"]

1. Nf3 Nf6 2. g3 d5 3. Bg2 g6 4. b3 Bg7 5. Bb2 0-0 6. 0-0 c5 7. c4 Nc6 8. Ne5 Nxe5 9. Bxe5 d4 10. b4 Nd7 11. Bxg7 Kxg7 12. e3 Ne5 13. bxc5 dxe3 14. fxe3 Bg4 15. Qb3 Be2 16. Rf4 g5 17. Rf5 f6 18. d4 Bxc4 19. Qc3 Be6 20. Rf1 Nc6 21. d5 Bxd5 22. Rd1 e6 23. e4 Qe7 24. exd5 exd5 25. Bxd5 Rac8 26. Nd2 Ne5 27. Ne4 1-0

[Event "Nova Gorica op 29th"]
[Site "Nova Gorica"]
[Date "2025.01.27"]
[Round "5"]
[White "Perossa, Nicolas"]
[Black "Ivancic, Ivan"]
[Result "1-0"]
[WhiteElo "2238"]
[BlackElo "1983"]
[PlyCount "53"]
[EventDate "2025.01.24"]
[EventType "swiss"]
[EventRounds "9"]
[EventCountry "SLO"]
[SourceTitle "CB06_2025"]
[SourceDate "2025.02.05"]
[SourceVersion "1"]
[SourceVersionDate "2025.02.05"]
[SourceQuality "1"]

1. e4 c5 2. Nf3 d6 3. d4 cxd4 4. Nxd4 Nf6 5. Nc3 Nc6 6. Bg5 e6 7. Qd2 a6 8. 0-0-0 Be7 9. Nxc6 bxc6 10. Bxf6 gxf6 11. Bc4 0-0 12. f4 a5 13. Qe2 Kh8 14. Rhe1 Rg8 15. Bb3 Bd7 16. Kb1 Rb8 17. Ka1 Qb6 18. Rb1 c5 19. Bc4 a4 20. a3 Qa5 21. Qf3 Bf8 22. Re3 Bg7 23. Qh5 Rgf8 24. g4 f5 25. Rh3 h6 26. gxf5 exf5 27. Rg1 1-0

[Event "Nova Gorica op 29th"]
[Site "Nova Gorica"]
[Date "2025.01.26"]
[Round "4"]
[White "Ivancic, Ivan"]
[Black "Herega, Nejc"]
[Result "1-0"]
[WhiteElo "1983"]
[BlackElo "2249"]
[PlyCount "63"]
[EventDate "2025.01.24"]
[EventType "swiss"]
[EventRounds "9"]
[EventCountry "SLO"]
[SourceTitle "CB06_2025"]
[SourceDate "2025.02.05"]
[SourceVersion "1"]
[SourceVersionDate "2025.02.05"]
[SourceQuality "1"]

1. e4 c5 2. Nc3 d6 3. d4 cxd4 4. Qxd4 Nc6 5. Qd2 g6 6. b3 Bh6 7. f4 Nf6 8. Bb2 e5 9. g3 0-0 10. 0-0-0 Nd4 11. Nge2 Bg4 12. Nxd4 exd4 13. Qxd4 Bxd1 14. Nxd1 Bg7 15. Bg2 Rc8 16. Ne3 Nh5 17. Qd3 Bxb2+ 18. Kxb2 Nf6 19. Nc4 d5 20. exd5 b5 21. Ne5 Qb6 22. Rd1 a5 23. d6 Rc5 24. d7 Rd8 25. Qd6 Qxd6 26. Rxd6 Kg7 27. Bh3 Rc7 28. Nc6 Rdxd7 29. Bxd7 Rxd7 30. Rxd7 Nxd7 31. Nxa5 Nb6 32. c4 1-0

[Event "Wch U12"]
[Site "Montesilvano"]
[Date "2024.11.22"]
[Round "7"]
[White "Belyaletdinov, Leonard"]
[Black "Ivancic, Ivan"]
[Result "1-0"]
[WhiteElo "1903"]
[BlackElo "2091"]
[PlyCount "223"]
[EventDate "2024.11.15"]
[EventType "swiss"]
[EventRounds "11"]
[EventCountry "ITA"]
[SourceTitle "CB48_2024"]
[SourceDate "2024.11.28"]
[SourceVersion "1"]
[SourceVersionDate "2024.11.28"]
[SourceQuality "1"]

1. e4 c5 2. Nf3 d6 3. Bb5+ Bd7 4. Bxd7+ Qxd7 5. 0-0 Nc6 6. d3 g6 7. Nc3 Bg7 8. Be3 Nf6 9. Re1 0-0 10. h3 a6 11. a4 e5 12. Bg5 Ne8 13. Nd5 Rb8 14. Nh2 f6 15. Be3 Nc7 16. Nb6 Qf7 17. f4 f5 18. Nc4 Rbd8 19. fxe5 Nxe5 20. Nxe5 Bxe5 21. Nf3 Bg7 22. Ng5 Qf6 23. Rf1 h6 24. Nf3 f4 25. Bd2 d5 26. Bc3 d4 27. Bd2 Ne6 28. b3 b6 29. Qe2 a5 30. Rae1 g5 31. Nh2 Qg6 32. Qf3 h5 33. g4 h4 34. Qg2 Be5 35. Nf3 Qf6 36. Rc1 Rd7 37. Rfd1 Rfd8 38. Qe2 Kg7 39. Kg2 Kg8 40. Be1 Kg7 41. Kh2 Kh8 42. Kh1 Rg7 43. Bf2 Kg8 44. Rg1 Kf7 45. Rg2 Rdg8 46. Rcg1 Ke7 47. Qe1 Rh7 48. Qa1 Rhg7 49. Be1 Rg6 50. Rf1 Rd8 51. Nd2 Nc7 52. Nc4 Rd7 53. Qa3 Na6 54. Bd2 Rg8 55. Qa1 Nb8 56. Bc1 Nc6 57. Nxb6 Nb4 58. Nxd7 Kxd7 59. Rf3 Rb8 60. Ba3 Rc8 61. Qe1 Rc7 62. Bb2 Kc8 63. Qd2 Kb7 64. Rg1 Kb6 65. Rc1 Na2 66. Re1 Rf7 67. Ra1 Nb4 68. Qd1 Rf8 69. Bc1 Rf7 70. Bd2 Rd7 71. Qc1 Rb7 72. Qb2 Kc6 73. Rc1 Kd6 74. Kg2 Nc6 75. Rf2 Rf7 76. Rf3 Rb7 77. c3 dxc3 78. Bxc3 Nd4 79. Bxd4 Bxd4 80. Qc2 Rb4 81. Rff1 Qe5 82. Qd1 Bb2 83. Rc4 Bc3 84. Qc2 Rxc4 85. dxc4 Kc6 86. Qd3 Bd4 87. Kf3 Kb6 88. Rc1 Kb7 89. b4 axb4 90. a5 Ka6 91. Qb3 Bb2 92. Rc2 Bc3 93. Re2 Qd4 94. Qb1 Bd2 95. e5 Qc3+ 96. Ke4 Qxc4+ 97. Kf3 Qc3+ 98. Ke4 f3 99. Rxd2 Qxd2 100. Kxf3 Qc3+ 101. Ke4 b3 102. Qd3+ Qxd3+ 103. Kxd3 Kxa5 104. e6 Kb4 105. e7 c4+ 106. Ke2 b2 107. e8Q c3 108. Qe4+ Kb3 109. Kd1 Ka2 110. Qa4+ Kb1 111. Qb3 Ka1 112. Kc2 1-0

[Event "Wch U12"]
[Site "Montesilvano"]
[Date "2024.11.19"]
[Round "5"]
[White "Gao, Heye"]
[Black "Ivancic, Ivan"]
[Result "1-0"]
[WhiteElo "1933"]
[BlackElo "2091"]
[PlyCount "127"]
[EventDate "2024.11.15"]
[EventType "swiss"]
[EventRounds "11"]
[EventCountry "ITA"]
[SourceTitle "CB48_2024"]
[SourceDate "2024.11.28"]
[SourceVersion "1"]
[SourceVersionDate "2024.11.28"]
[SourceQuality "1"]

1. e4 c5 2. Nf3 Nc6 3. d4 cxd4 4. Nxd4 Nf6 5. Nc3 e5 6. Nde2 Bc5 7. Ng3 d6 8. Be2 0-0 9. 0-0 a6 10. Bg5 h6 11. Bxf6 Qxf6 12. Nd5 Qg5 13. c3 Rb8 14. b4 Ba7 15. a4 Ne7 16. Bc4 Ng6 17. Qd3 Be6 18. Ba2 Bxd5 19. Qxd5 Nf4 20. Qd1 h5 21. Qf3 h4 22. Ne2 Ng6 23. Rad1 Rbd8 24. Rd3 Kh8 25. Qh3 f5 26. exf5 Qxf5 27. Qxf5 Rxf5 28. Bd5 Rdf8 29. Rf3 Rxf3 30. Bxf3 Rf7 31. Bd5 Rc7 32. Rd1 Ne7 33. Be6 d5 34. Kf1 d4 35. cxd4 exd4 36. Nxd4 Nc6 37. Nxc6 Rxc6 38. Bf5 g6 39. Rd8+ Kg7 40. Rd7+ Kf6 41. Rxb7 Rc1+ 42. Ke2 Bxf2 43. Bxg6 Bg1 44. Bd3 Ra1 45. a5 Ra2+ 46. Kf1 Bd4 47. Bxa6 Rf2+ 48. Ke1 Rxg2 49. Bd3 Bc3+ 50. Kf1 Rb2 51. a6 Bd4 52. b5 Rxh2 53. b6 Rf2+ 54. Ke1 Ra2 55. Rb8 h3 56. a7 h2 57. Be4 Ra1+ 58. Ke2 Ra2+ 59. Kd3 Ra3+ 60. Kxd4 Ra4+ 61. Kd3 Rxe4 62. Rh8 Ra4 63. Rxh2 Ra3+ 64. Ke4 1-0

[Event "Wch U12"]
[Site "Montesilvano"]
[Date "2024.11.18"]
[Round "4"]
[White "Ivancic, Ivan"]
[Black "Yerzhanuly, Yernur"]
[Result "1-0"]
[WhiteElo "2091"]
[BlackElo "1917"]
[PlyCount "75"]
[EventDate "2024.11.15"]
[EventType "swiss"]
[EventRounds "11"]
[EventCountry "ITA"]
[SourceTitle "CB48_2024"]
[SourceDate "2024.11.28"]
[SourceVersion "1"]
[SourceVersionDate "2024.11.28"]
[SourceQuality "1"]

1. e4 e5 2. Nf3 Nc6 3. d4 exd4 4. Nxd4 Bc5 5. Be3 Qf6 6. c3 Qg6 7. Qe2 Nf6 8. Nxc6 Bxe3 9. Ne5 Qg5 10. Nf3 Bxf2+ 11. Kxf2 Ng4+ 12. Kg1 Qh6 13. h3 Ne3 14. Na3 0-0 15. Re1 Nxf1 16. Kxf1 Re8 17. Nb5 Qb6 18. g3 d5 19. e5 Bd7 20. Na3 f6 21. Qf2 c5 22. Kg2 Rf8 23. Qd2 fxe5 24. Nxe5 Bf5 25. Rhf1 Qe6 26. Ng4 Be4+ 27. Kh2 Qa6 28. Ne3 Qc6 29. Rxf8+ Rxf8 30. Rf1 Rd8 31. Qf2 h6 32. Qf7+ Kh8 33. Qe7 Re8 34. Rf8+ Rxf8 35. Qxf8+ Kh7 36. Nf5 Qg6 37. Ne7 Qg5 38. Qg8# 1-0

[Event "Wch U12"]
[Site "Montesilvano"]
[Date "2024.11.16"]
[Round "2"]
[White "Ivancic, Ivan"]
[Black "Matejka, Simon"]
[Result "0-1"]
[WhiteElo "2091"]
[BlackElo "1924"]
[PlyCount "98"]
[EventDate "2024.11.15"]
[EventType "swiss"]
[EventRounds "11"]
[EventCountry "ITA"]
[SourceTitle "CB48_2024"]
[SourceDate "2024.11.28"]
[SourceVersion "1"]
[SourceVersionDate "2024.11.28"]
[SourceQuality "1"]

1. e4 c5 2. Nc3 d6 3. d4 cxd4 4. Qxd4 Nc6 5. Qd2 g6 6. b3 Bg7 7. Bb2 Nf6 8. 0-0-0 0-0 9. f4 Nd7 10. g4 Nc5 11. g5 a5 12. a4 Be6 13. Kb1 Nb4 14. Bh3 f5 15. gxf6 Bxf6 16. Bxe6+ Nxe6 17. Nge2 Rc8 18. Rhg1 Nc5 19. Rc1 Kh8 20. h4 Qd7 21. h5 gxh5 22. f5 e6 23. Qh6 Bg7 24. Qxh5 Qf7 25. Rg6 exf5 26. Rh1 Be5 27. Nf4 Bxf4 28. Nd5+ Be5 29. Nf6 Rc7 30. Rhg1 Bxb2 31. Nxh7 Qxh7 32. Rh6 Be5 33. Rh1 Qxh6 34. Qxh6+ Kg8 35. exf5 Rg7 36. Qh8+ Kf7 37. Qh5+ Ke7 38. Re1 Kd7 39. Qh6 Rgf7 40. Rf1 Kc7 41. c3 Nd5 42. Kc2 Bf4 43. Rxf4 Nxf4 44. Qxf4 Rxf5 45. Qc4 Rf2+ 46. Kd1 R8f4 47. Qg8 Rf7 48. b4 axb4 49. cxb4 Nxa4 0-1

[Event "Hvar Arsenal op 3rd"]
[Site "Hvar"]
[Date "2024.10.19"]
[Round "8"]
[White "Ivancic, Ivan"]
[Black "Tuominen, Matias"]
[Result "1-0"]
[WhiteElo "2129"]
[BlackElo "1854"]
[PlyCount "91"]
[EventDate "2024.10.14"]
[EventType "swiss"]
[EventRounds "9"]
[EventCountry "CRO"]
[SourceTitle "CB43_2024"]
[Source "Chessbase"]
[SourceDate "2024.10.23"]
[SourceVersion "1"]
[SourceVersionDate "2024.10.23"]
[SourceQuality "1"]

1. e4 d5 2. exd5 Qxd5 3. Nc3 Qa5 4. d4 c6 5. Nf3 Nf6 6. Ne5 Bf5 7. Bc4 e6 8. 0-0 Nbd7 9. f4 Nxe5 10. fxe5 Nd5 11. Qf3 Nxc3 12. bxc3 Be7 13. Bd2 0-0 14. Bd3 Bg6 15. g3 Qd5 16. Qxd5 cxd5 17. a4 Bd8 18. Rfb1 b6 19. Rb3 Rc8 20. Rf1 Rc7 21. Kg2 Rc8 22. h4 Rc7 23. Kh3 Rc8 24. g4 Bxd3 25. cxd3 f6 26. exf6 Bxf6 27. Rbb1 Rc7 28. Rbe1 Re8 29. g5 Bd8 30. h5 Rf7 31. Kg4 Ref8 32. Rxf7 Kxf7 33. Bf4 g6 34. hxg6+ hxg6 35. Rh1 Rg8 36. Be5 Ke8 37. Rh7 Be7 38. Bf6 Bxf6 39. gxf6 Rf8 40. Kg5 a5 41. c4 dxc4 42. dxc4 Kd8 43. Ra7 Ke8 44. Ra8+ Kf7 45. Rxf8+ Kxf8 46. Kxg6 1-0

[Event "Hvar Arsenal op 3rd"]
[Site "Hvar"]
[Date "2024.10.15"]
[Round "2"]
[White "Ivancic, Ivan"]
[Black "Plenkovic, Zdenko"]
[Result "0-1"]
[WhiteElo "2129"]
[BlackElo "2357"]
[PlyCount "90"]
[EventDate "2024.10.14"]
[EventType "swiss"]
[EventRounds "9"]
[EventCountry "CRO"]
[SourceTitle "CB43_2024"]
[Source "Chessbase"]
[SourceDate "2024.10.23"]
[SourceVersion "1"]
[SourceVersionDate "2024.10.23"]
[SourceQuality "1"]

1. e4 c5 2. Nf3 e6 3. c3 d5 4. e5 g5 5. h4 g4 6. Qa4+ Nc6 7. Qxg4 h5 8. Qg5 Qc7 9. Na3 a6 10. d3 Nge7 11. d4 cxd4 12. cxd4 Nf5 13. Nc2 Nxe5 14. Nxe5 Qxc2 15. Bd3 Bb4+ 16. Bd2 Qxb2 17. Rb1 Bxd2+ 18. Qxd2 Qxd4 19. Nf3 Qg4 20. Qg5 Rg8 21. Qf6 Qg7 22. Qxg7 Nxg7 23. Ne5 f6 24. Bg6+ Ke7 25. Nd3 e5 26. Rb6 Rd8 27. Kd2 Rd6 28. Rhb1 Rc6 29. Nb4 Rc5 30. Nd3 Rc4 31. R1b4 Rc6 32. f3 Kd6 33. g4 Kc7 34. Rxc6+ bxc6 35. gxh5 Nf5 36. Nc5 Nh6 37. Ke3 Rb8 38. Rxb8 Kxb8 39. a3 Kc7 40. Bd3 a5 41. a4 Kb6 42. Nb3 Bd7 43. f4 c5 44. Nd2 Bxa4 45. fxe5 fxe5 0-1

[Event "EU-ch Amateurs U2300"]
[Site "Mali Losinj"]
[Date "2024.08.25"]
[Round "1"]
[White "Gasparac, Gregor"]
[Black "Ivancic, Ivan"]
[Result "0-1"]
[WhiteElo "2087"]
[BlackElo "1952"]
[PlyCount "66"]
[EventDate "2024.08.25"]
[EventType "swiss"]
[EventRounds "9"]
[EventCountry "CRO"]
[SourceTitle "EXT 2025"]
[Source "ChessBase"]
[SourceDate "2024.10.14"]
[SourceVersion "1"]
[SourceVersionDate "2024.10.14"]
[SourceQuality "1"]

1. Nf3 Nf6 2. g3 b5 3. Bg2 Bb7 4. d4 e6 5. 0-0 c5 6. e3 Be7 7. dxc5 Bxc5 8. b3 0-0 9. Bb2 Qe7 10. Qd3 Rd8 11. Rd1 a6 12. Nbd2 Ba3 13. Bxa3 Qxa3 14. c4 Qc5 15. Rac1 Nc6 16. Ne4 Nxe4 17. Qxe4 Rac8 18. Qf4 Ba8 19. cxb5 Qxb5 20. Qd6 Qb8 21. Ng5 Qxd6 22. Rxd6 Kf8 23. Rcd1 Ke7 24. Kf1 a5 25. h4 Bb7 26. Kg1 Rc7 27. a3 h6 28. Nh3 Ne5 29. Bxb7 Rxb7 30. Ra6 Nc6 31. Rd3 Rdb8 32. b4 axb4 33. axb4 Nxb4 0-1

[Event "Split op 13th"]
[Site "Split"]
[Date "2024.08.04"]
[Round "3"]
[White "Ivancic, Ivan"]
[Black "Skrbec, Leon"]
[Result "1/2-1/2"]
[WhiteElo "1952"]
[BlackElo "2250"]
[PlyCount "49"]
[EventDate "2024.08.03"]
[EventType "swiss"]
[EventRounds "10"]
[EventCountry "CRO"]
[SourceTitle "CBM 221 Extra"]
[Source "ChessBase"]
[SourceDate "2024.09.30"]
[SourceVersion "1"]
[SourceVersionDate "2024.09.30"]
[SourceQuality "1"]

1. e4 c6 2. d4 d5 3. exd5 cxd5 4. c4 Nf6 5. Nc3 g6 6. Qb3 Bg7 7. cxd5 0-0 8. Be2 a5 9. Bf3 Na6 10. a3 Nc7 11. Nge2 a4 12. Nxa4 Ncxd5 13. 0-0 b6 14. Nac3 Be6 15. Nxd5 Nxd5 16. Qb5 Ra5 17. Qd3 Qd6 18. Bd2 Ra7 19. Nc3 Nxc3 20. Bxc3 Rd8 21. Rfd1 Rad7 22. Qe3 Bd5 23. Bxd5 Qxd5 24. Rd2 e6 25. Rad1 1/2-1/2

[Event "CRO-ch U17"]
[Site "Split"]
[Date "2024.07.28"]
[Round "9"]
[White "Rehak, Bozidar"]
[Black "Ivancic, Ivan"]
[Result "1-0"]
[WhiteElo "1765"]
[BlackElo "1998"]
[PlyCount "53"]
[EventDate "2024.07.22"]
[EventType "swiss"]
[EventRounds "9"]
[EventCountry "CRO"]
[SourceTitle "CBM 221 Extra"]
[Source "ChessBase"]
[SourceDate "2024.09.30"]
[SourceVersion "1"]
[SourceVersionDate "2024.09.30"]
[SourceQuality "1"]

1. e4 c5 2. Nc3 Nc6 3. f4 g6 4. Nf3 Bg7 5. d3 d6 6. g3 Bg4 7. Bg2 Nd4 8. 0-0 Qd7 9. Ne2 Nxf3+ 10. Bxf3 Nf6 11. Bxg4 Qxg4 12. Kg2 Qe6 13. c3 c4 14. Qa4+ Nd7 15. f5 gxf5 16. Nf4 Qe5 17. Nd5 Rc8 18. Rxf5 Qe6 19. Nf4 Qh6 20. Nh5 Qg6 21. Rg5 Qh6 22. Nxg7+ Kd8 23. Nf5 Qf6 24. Rg4 Ne5 25. Bg5 Qe6 26. Bxe7+ Kc7 27. Bxd6+ 1-0

[Event "CRO-ch U17"]
[Site "Split"]
[Date "2024.07.25"]
[Round "6"]
[White "Ivancic, Ivan"]
[Black "Mimica, Matija"]
[Result "1/2-1/2"]
[WhiteElo "1998"]
[BlackElo "1929"]
[PlyCount "59"]
[EventDate "2024.07.22"]
[EventType "swiss"]
[EventRounds "9"]
[EventCountry "CRO"]
[SourceTitle "CBM 221 Extra"]
[Source "ChessBase"]
[SourceDate "2024.09.30"]
[SourceVersion "1"]
[SourceVersionDate "2024.09.30"]
[SourceQuality "1"]

1. e4 c5 2. Nf3 d6 3. d4 Nf6 4. Nc3 cxd4 5. Nxd4 g6 6. Be3 Bg7 7. f3 Nc6 8. Qd2 0-0 9. 0-0-0 d5 10. Nxc6 bxc6 11. Bh6 Qa5 12. Bxg7 Kxg7 13. exd5 cxd5 14. g4 Be6 15. g5 Nh5 16. Qd4+ Kg8 17. f4 Rab8 18. a3 Rfc8 19. Bd3 Ng7 20. h4 Nf5 21. Bxf5 Bxf5 22. Rh2 e6 23. h5 Rc4 24. Qe5 Qb6 25. b3 d4 26. h6 Kf8 27. Na2 Qxb3 28. Qh8+ Ke7 29. Qf6+ Ke8 30. Qh8+ 1/2-1/2

[Event "CRO-ch U15"]
[Site "Trogir"]
[Date "2024.06.27"]
[Round "7"]
[White "Ivancic, Ivan"]
[Black "Buljic, Zvonimir"]
[Result "1-0"]
[WhiteElo "2007"]
[BlackElo "1695"]
[PlyCount "81"]
[EventDate "2024.06.23"]
[EventType "swiss"]
[EventRounds "9"]
[EventCountry "CRO"]
[SourceTitle "EXT 2025"]
[Source "ChessBase"]
[SourceDate "2024.10.14"]
[SourceVersion "1"]
[SourceVersionDate "2024.10.14"]
[SourceQuality "1"]

1. e4 e5 2. Nf3 Nc6 3. Bc4 Nf6 4. d3 h6 5. 0-0 d6 6. Nc3 g5 7. Nd5 Bg7 8. c3 Bg4 9. a4 a5 10. Re1 0-0 11. Ne3 Bxf3 12. Qxf3 Ne7 13. h4 gxh4 14. Ng4 Nxg4 15. Qxg4 Kh7 16. Qxh4 Ng6 17. Qh5 Qh4 18. Qf5 Qf6 19. g4 Qxf5 20. gxf5 Ne7 21. Kg2 c6 22. Rh1 Ng8 23. Kf3 Nf6 24. Be3 d5 25. Bb3 Rh8 26. Rh3 Kg8 27. Rg1 h5 28. Rhg3 Rh7 29. Bg5 dxe4+ 30. dxe4 Ng4 31. Ke2 Kf8 32. f3 f6 33. Bd2 Bh6 34. fxg4 Bxd2 35. Kxd2 hxg4 36. Rxg4 Rd8+ 37. Kc1 Rdd7 38. Rg8+ Ke7 39. R8g7+ Kd6 40. Rd1+ Kc7 41. Rdxd7+ 1-0

[Event "CRO-ch U15"]
[Site "Trogir"]
[Date "2024.06.26"]
[Round "6"]
[White "Botica, Viseslav"]
[Black "Ivancic, Ivan"]
[Result "1/2-1/2"]
[WhiteElo "1782"]
[BlackElo "2007"]
[PlyCount "112"]
[EventDate "2024.06.23"]
[EventType "swiss"]
[EventRounds "9"]
[EventCountry "CRO"]
[SourceTitle "EXT 2025"]
[Source "ChessBase"]
[SourceDate "2024.10.14"]
[SourceVersion "1"]
[SourceVersionDate "2024.10.14"]
[SourceQuality "1"]

1. d4 d5 2. c4 e6 3. Nc3 Nf6 4. cxd5 exd5 5. Bg5 c6 6. e3 h6 7. Bh4 Be7 8. Bd3 0-0 9. Nge2 Re8 10. f3 a5 11. 0-0 b5 12. a3 Nbd7 13. e4 dxe4 14. fxe4 Ng4 15. Bxe7 Qxe7 16. Qd2 Nb6 17. h3 b4 18. hxg4 bxc3 19. Qxc3 Bxg4 20. Qxc6 Rab8 21. e5 Qg5 22. Qc1 Nd5 23. Qxg5 hxg5 24. Rab1 Red8 25. Rfd1 Nf4 26. Kf2 Nxd3+ 27. Rxd3 Bf5 28. Ke3 f6 29. e6 Rd6 30. b4 Rxe6+ 31. Kd2 Reb6 32. Nc3 Bxd3 33. Kxd3 axb4 34. Nd5 Ra6 35. axb4 Kf7 36. b5 Rd6 37. Ne3 Ke6 38. d5+ Kd7 39. Kd4 Ra6 40. Nc4 Ra4 41. Kd3 Kc7 42. g4 Rd8 43. Kd4 Kb7 44. Rc1 g6 45. Kc5 Rc8+ 46. Kd4 Rd8 47. Re1 Rc8 48. Rd1 Rd8 49. Re1 Rc8 50. Rc1 f5 51. Kd3 Raxc4 52. Rxc4 Rxc4 53. Kxc4 fxg4 54. Kd4 g3 55. Ke3 g4 56. d6 g5 1/2-1/2

[Event "CRO-ch U15"]
[Site "Trogir"]
[Date "2024.06.25"]
[Round "4"]
[White "Ratkajec, Mihael"]
[Black "Ivancic, Ivan"]
[Result "0-1"]
[WhiteElo "1724"]
[BlackElo "2007"]
[PlyCount "84"]
[EventDate "2024.06.23"]
[EventType "swiss"]
[EventRounds "9"]
[EventCountry "CRO"]
[SourceTitle "EXT 2025"]
[Source "ChessBase"]
[SourceDate "2024.10.14"]
[SourceVersion "1"]
[SourceVersionDate "2024.10.14"]
[SourceQuality "1"]

1. e4 c5 2. c3 d5 3. exd5 Qxd5 4. d4 Nf6 5. Nf3 e6 6. h3 Be7 7. Be3 0-0 8. Bd3 Rd8 9. 0-0 Nc6 10. Bc2 cxd4 11. cxd4 b6 12. Nc3 Qd6 13. Qe2 Bb7 14. Rac1 Rac8 15. Rfd1 Nb4 16. Bb1 Nbd5 17. Ne5 Nxc3 18. bxc3 Qd5 19. Qf3 Qxf3 20. gxf3 Ba3 21. Rc2 Nd5 22. Bd2 f6 23. Nd3 Ne7 24. f4 Nf5 25. Bc1 Bf8 26. Re1 Kf7 27. Ree2 Ba6 28. Red2 Bd6 29. Rd1 Nh4 30. Ne1 Bc4 31. f3 Bd5 32. Kf2 Rc7 33. Bd2 Rdc8 34. Rdc1 b5 35. Rd1 a6 36. Rdc1 h6 37. Rd1 Rh8 38. Bc1 g5 39. Bd2 gxf4 40. Bc1 Rg8 41. Nd3 Rg3 42. Ne1 Rc8 0-1

[Event "Krapina op 12th"]
[Site "Krapina"]
[Date "2024.01.19"]
[Round "1"]
[White "Krklec, Josip1"]
[Black "Ivancic, Ivan"]
[Result "0-1"]
[WhiteElo "1503"]
[BlackElo "2001"]
[PlyCount "92"]
[EventDate "2024.01.19"]
[EventType "swiss"]
[EventRounds "7"]
[EventCountry "CRO"]
[SourceTitle "CBM 218 Extra"]
[Source "ChessBase"]
[SourceDate "2024.03.31"]
[SourceVersion "1"]
[SourceVersionDate "2024.03.31"]
[SourceQuality "1"]

1. e4 c5 2. c3 Nf6 3. d3 Nc6 4. Nf3 d6 5. Qb3 Rb8 6. Ng5 e6 7. Be3 Be7 8. Nd2 Ng4 9. Ngf3 Nxe3 10. fxe3 Bg5 11. Nxg5 Qxg5 12. Ke2 0-0 13. Re1 b5 14. Kd1 b4 15. c4 Bd7 16. Nf3 Qf6 17. Be2 a5 18. Ref1 a4 19. Qc2 b3 20. axb3 axb3 21. Qc3 Qe7 22. Nd2 Nb4 23. Qxb3 Nd5 24. Qa2 Nxe3+ 25. Ke1 Nxf1 26. Nxf1 Qf6 27. b3 Qc3+ 28. Nd2 Ra8 29. Qb1 Ra1 30. Kf2 Rxb1 31. Nxb1 Qd4+ 32. Kg3 Qe3+ 33. Bf3 f5 34. exf5 exf5 35. h3 Qe5+ 36. Kf2 f4 37. Re1 Qd4+ 38. Kf1 Qxd3+ 39. Kg1 Re8 40. Bd5+ Kh8 41. Rf1 Qe3+ 42. Kh1 Qe2 43. Rg1 Qd3 44. Rc1 Bxh3 45. gxh3 Qxh3+ 46. Kg1 Qe3+ 0-1

[Event "Bosnjaci op 28th"]
[Site "Bosnjaci"]
[Date "2024.01.09"]
[Round "9"]
[White "Vidovic, Sasa"]
[Black "Ivancic, Ivan"]
[Result "1-0"]
[WhiteElo "2176"]
[BlackElo "2001"]
[PlyCount "57"]
[EventDate "2024.01.03"]
[EventType "swiss"]
[EventRounds "9"]
[EventCountry "CRO"]
[SourceTitle "CBM 218 Extra"]
[Source "ChessBase"]
[SourceDate "2024.03.31"]
[SourceVersion "1"]
[SourceVersionDate "2024.03.31"]
[SourceQuality "1"]

1. b3 e5 2. Bb2 Nc6 3. e3 d5 4. Bb5 Bd6 5. Nf3 f6 6. c4 a6 7. Bxc6+ bxc6 8. Qc2 Qd7 9. d3 Bb4+ 10. Bc3 Bxc3+ 11. Nxc3 Ne7 12. Rc1 Qg4 13. 0-0 0-0 14. Ne2 e4 15. dxe4 dxe4 16. h3 Qg6 17. Nf4 Qf5 18. Nd2 g5 19. Ne2 g4 20. Ng3 Qg6 21. hxg4 Bxg4 22. Qxe4 Nf5 23. Nxf5 Bxf5 24. Qf4 Kh8 25. Nf3 Be6 26. Nh4 Qg5 27. Qxg5 fxg5 28. Nf3 h6 29. Ne5 1-0

[Event "CRO-ch U11"]
[Site "Trogir"]
[Date "2023.06.26"]
[Round "9"]
[White "Mocic, Ivano"]
[Black "Ivancic, Ivan"]
[Result "1/2-1/2"]
[WhiteElo "1935"]
[BlackElo "1890"]
[PlyCount "68"]
[EventDate "2023.06.21"]
[EventType "swiss"]
[EventRounds "9"]
[EventCountry "CRO"]
[SourceTitle "EXT 2024"]
[Source "ChessBase"]
[SourceDate "2023.10.10"]
[SourceVersion "1"]
[SourceVersionDate "2023.10.10"]
[SourceQuality "1"]

1. d4 d5 2. Nf3 Nf6 3. Bf4 c5 4. e3 Nc6 5. Nbd2 cxd4 6. exd4 a6 7. c3 Bf5 8. h3 h6 9. Be2 e6 10. 0-0 Be7 11. Ne5 Nxe5 12. Bxe5 0-0 13. a4 Qb6 14. Qb3 Qxb3 15. Nxb3 Nd7 16. Bh2 b6 17. Nd2 Rfd8 18. Nf3 Rdc8 19. Ne5 Nxe5 20. Bxe5 Rc6 21. Bf4 Bd6 22. Bxd6 Rxd6 23. Rfd1 Rc6 24. Rd2 Kf8 25. f3 Ke7 26. Kf2 Kd6 27. Ke3 Kc7 28. Kf2 Kb7 29. Ke3 Rac8 30. Kf2 Ka7 31. Ke3 Kb7 32. Kf2 Ka7 33. Ke3 Kb7 34. Kf2 Ka7 1/2-1/2